Documento firmado por el Rey [Carlos IV] (Record no. 4646)
[ view plain ]
| 000 -CABECERA | |
|---|---|
| campo de control de longitud fija | 02555nam a2200385 a 4500 |
| 001 - NÚMERO DE CONTROL | |
| campo de control | BRCA_4952 |
| 005 - FECHA Y HORA DE LA ÚLTIMA TRANSACCIÓN | |
| campo de control | 20190320204856.0 |
| 008 - DATOS DE LONGITUD FIJA--INFORMACIÓN GENERAL | |
| campo de control de longitud fija | 221010c1791----sp-#######---#000-0#----# |
| 041 ## - CÓDIGO DE LENGUA | |
| Código de lengua del texto/banda sonora o título independiente | spa |
| 044 ## - CÓDIGO DEL PAÍS DE LA ENTIDAD EDITORA/PRODUCTORA | |
| Código MARC del país | mx |
| 084 ## - OTRO NÚMERO DE CLASIFICACIÓN | |
| Número de clasificación | DOC45 |
| Número de documento/Ítem | .D63 |
| -- | 1791 |
| 245 10 - MENCIÓN DE TÍTULO | |
| Título | Documento firmado por el Rey [Carlos IV] |
| Mención de responsabilidad, etc. | Carlos IV ... [et al.]. |
| 260 ## - PUBLICACIÓN, DISTRIBUCIÓN, ETC. | |
| Lugar de publicación, distribución, etc. | Madrid |
| Fecha de publicación, distribución, etc. | 1791 |
| 300 ## - DESCRIPCIÓN FÍSICA | |
| Extensión | [3] fojas |
| Dimensiones | 30 x 21 cm. |
| 500 ## - NOTA GENERAL | |
| Nota general | Documento firmado en Palacio el 9 de febrero de 1791. |
| 500 ## - NOTA GENERAL | |
| Nota general | El Rey [Carlos IV] de España nombra a Don Mariano Soria para el empleo de Alférez de la Compañía de Don José Aldasoro del Regimiento de Dragones de México y manda al Virrey y Capitán General de Nueva España, de la orden conveniente para que entre en posesión de su cargo, librándole del derecho de Media Anata por este empleo, en virtud de ser meramente militar. Firma el Rey y el Escribano Manuel de Negrete y de la Torre |
| 500 ## - NOTA GENERAL | |
| Nota general | Contiene los siguientes acuses de notificación: la Contaduría de las Indias de Madrid, 15 de febrero de 1791. Firma de Don Lorenzo de Osóz.-- El Real Tribunal de la Contaduría Mayor y audiencias de Cuentas, 20 de mayo de 1791. Firma de Don Antonio.......?.-- Despacho en la cartera de Tropas y Mesa de Memorias y Alcances de la Contaduría Menor de Cuentas, 20 de mayo de 1791. Firma de Don Pedro María de Montarde.-- Mesa de Guerra de la Contaduría General del Ejército y Real Hacienda de esta Capital, 20 de mayo de 1791. Firma de Don Ramón Gutiérrez del Mazo y José María Martínez del Campo.-- Contaduría de Real Hacienda de esta Ciudad, Puebla 26 de mayo de 1971. Firma de Don Manuel Joset de Gainzar. |
| 500 ## - NOTA GENERAL | |
| Nota general | [Real Cédula] Firmada como ´Yo el Rey´. |
| 500 ## - NOTA GENERAL | |
| Nota general | El documento contiene la leyenda DOC. #54. |
| 506 0# - NOTA DE RESTRICCIONES AL ACCESO | |
| Limitaciones de acceso | Fondo Reservado. Para su consulta es necesario credencial de usuario y carta de motivos. |
| 546 ## - NOTA DE LENGUA/LENGUAJE | |
| Nota de lengua/lenguaje | Texto en: Español de finales del siglo XVIII. |
| 600 14 - PUNTO DE ACCESO ADICIONAL DE MATERIA--NOMBRE DE PERSONA | |
| Nombre de persona | Carlos |
| Numeración | IV, |
| Títulos y otros términos asociados al nombre | Rey de España, |
| Fechas asociadas al nombre | 1748-1819 |
| Subdivisión general | Historia |
| 9 (RLIN) | 12588 |
| 650 14 - PUNTO DE ACCESO ADICIONAL DE MATERIA--TÉRMINO DE MATERIA | |
| Término de materia o nombre geográfico como elemento de entrada | Documentos legales |
| Subdivisión de forma | Impreso |
| Subdivisión general | Historia |
| Subdivisión cronológica | Casa de Borbón, 1700 |
| Subdivisión geográfica | España |
| 9 (RLIN) | 12589 |
| 651 #4 - PUNTO DE ACCESO ADICIONAL DE MATERIA--NOMBRE GEOGRÁFICO | |
| Nombre geográfico | México |
| Subdivisión general | Historia |
| Subdivisión cronológica | Colonia, 1521-1821 |
| 9 (RLIN) | 12461 |
| 700 1# - PUNTO DE ACCESO ADICIONAL--NOMBRE DE PERSONA | |
| Nombre de persona | Soria, Mariano |
| 9 (RLIN) | 12590 |
| 700 1# - PUNTO DE ACCESO ADICIONAL--NOMBRE DE PERSONA | |
| Nombre de persona | Aldasoro, José |
| 9 (RLIN) | 12591 |
| 700 1# - PUNTO DE ACCESO ADICIONAL--NOMBRE DE PERSONA | |
| Nombre de persona | Negrete y de la Torre, Manuel de |
| 9 (RLIN) | 12592 |
| 700 1# - PUNTO DE ACCESO ADICIONAL--NOMBRE DE PERSONA | |
| Nombre de persona | Osóz, Lorenzo de |
| 9 (RLIN) | 12593 |
| 700 1# - PUNTO DE ACCESO ADICIONAL--NOMBRE DE PERSONA | |
| Nombre de persona | Montarde, María de |
| 9 (RLIN) | 12594 |
| 700 1# - PUNTO DE ACCESO ADICIONAL--NOMBRE DE PERSONA | |
| Nombre de persona | Gutiérrez del Mazo, Ramón |
| 9 (RLIN) | 12595 |
| 700 1# - PUNTO DE ACCESO ADICIONAL--NOMBRE DE PERSONA | |
| Nombre de persona | Martínez del Campo, José |
| 9 (RLIN) | 12596 |
| 700 1# - PUNTO DE ACCESO ADICIONAL--NOMBRE DE PERSONA | |
| Nombre de persona | Gainzar, Manuel Joset |
| 9 (RLIN) | 12597 |
| 902 ## - CATALOGADOR | |
| Iniciales | FDH |
| 942 ## - ELEMENTOS DE PUNTO DE ACCESO ADICIONAL (KOHA) | |
| Fuente del sistema de clasificación o colocación | Library of Congress Classification |
| Tipo de ítem Koha | Documentos |
| Estado de retiro | Estado de pérdida | Estado dañado | No para préstamo | Localización permanente | Ubicación/localización actual | Fecha de adquisición | Total de préstamos | Signatura topográfica completa | Código de barras | Fecha visto por última vez | Precio válido a partir de | Tipo de ítem Koha |
|---|---|---|---|---|---|---|---|---|---|---|---|---|
| El ejemplar forma parte de la colección y puede ser consultado según las políticas vigentes. | Biblioteca del Museo Franz Mayer (Rogerio Casas-Alatriste) | Biblioteca del Museo Franz Mayer (Rogerio Casas-Alatriste) | 22/10/2010 | DOC45 .D63 1791 | 5013 | 22/03/2019 | 22/03/2019 | Documentos |